000 00616nam a2200169 4500
005 20251006095737.0
008 251006b |||||||| |||| 00| 0 eng d
020 _a9786214272556
082 _aDFil 658.56 Se683 2025
100 _aSerrano, Angelita Ong Camilar.
_968485
245 _aProduct managament essentials :
_bfrom concept to launch /
_cAngelita Ong Camilar-Serrano.
260 _aManila :
_bUnlimited Books Library Services & Publishing Inc.,
_c©2025.
300 _axii, 231 pages :
_billustrations ;
_c25 cm.
500 _aIncludes references.
650 0 _aProduct management.
_968486
942 _2ddc
_cDFIL
999 _c23974
_d23974